| 000 | 00634cam1a220021700 4500 | ||
|---|---|---|---|
| 001 | zam00003605 | ||
| 008 | 951128s1976 xx eng u | ||
| 035 | _a(Sirsi) r20928 | ||
| 035 | _a(MACHINE)SLC. | ||
| 100 | 1 |
_aMoore, William Michael, 1934- _dMoore, William Michael, 1934- _6A82496.1 |
|
| 245 | 1 | 0 | _aEnvironmental chemistry. |
| 260 | _c1976. | ||
| 949 |
_aQD31.2 _wlcc _mMAIN _tBOOK _lON-SHELF |
||
| 004 | 20928 | ||
| 591 | _aClass code: C 420. | ||
| 591 | _aCourse: Advanced analytical chemistry. | ||
| 591 | _aSchool: S09. | ||
| 591 | _aLecturer: Dr. MAINGA, A. | ||
| 591 | _aNumber of Students: 40. | ||
| 909 | _aBook | ||
| 999 |
_c172866 _d172866 |
||